World War One Countries - Statistics

General Stats
  • This quiz has been taken 1,283 times
    1,238 since last reset
  • The average score is 11 of 15
Answer Stats
Hint Answer % Correct
Triple Entente France
98%
Triple/Dual Alliance Germany
98%
Triple Entente UK
98%
Triple Entente Russia
97%
Triple/Dual Alliance Austro-Hungary
95%
Originally Triple Alliance but joined war with Entente Italy
94%
Joined with Entente in 1917 USA
90%
The Germans attack route to France but protected by 1st answer Belgium
81%
Only Southern American Country to fight Brazil
78%
Agreement with 3rd answer and wanted to take over answer below Serbia
74%
Fought on the side of Entente Japan
69%
Fought with alliance Bulgaria
66%
Fought with alliance Ottoman Empire
66%
Was fought over by 5th answer and answer above Bosnia
31%
Was fought over by 2nd answer and 4th since of the port on Atlantic Ocean Morocco
14%
No matching quizzes found
Score Distribution
Percent of People with Each Score
Percentile by Number Answered
Your Score History
You have not taken this quiz since the last reset